Detalles MARC
| 000 -LIDER |
| fixed length control field |
00801nam a2200289 4500 |
| 001 - NÚMERO DE CONTROL |
| Identificador de número de control |
00340093 |
| 003 - IDENTIFICACDOR DE NÚMERO DE CONTROL |
| control field |
DO-SdBNP |
| 005 - DATE AND TIME OF LATEST TRANSACTION |
| control field |
20180130141408.0 |
| 008 - ELEMENTOS DE LONGITUD FIJA |
| fixed length control field |
921223s1990 sp |||| ||spa d |
| 016 7# - NO. DE CONTROL DE LA AGENCIA BIB. NACIONAL |
| Record control number |
|
| Canceled/invalid record control number |
|
| Source |
BPMSU |
| 017 ## - NÚMERO DE REGISTRO DE DERECHOS DE AUTOR |
| Copyright or legal deposit number |
|
| Assigning agency |
|
| 020 ## - ISBN |
| International Standard Book Number |
8423919234 |
| 035 ## - NÚMERO LOCAL |
| System control number |
|
| 040 ## - FUENTE DE CATALOGACIÓN |
| Agencia que crea de manera original el registro |
BPMSU |
| Idioma de catalogación |
spa |
| Agencia que realiza la transcripción |
BPMSU |
| 080 #4 - NÚMERO DE CLASIFICACIÓN DECIMAL UNIVERSAL |
| Universal Decimal Classification number |
|
| 100 1# - ASIENTO PRINCIPAL -- NOMBRE PERSONAL |
| Nombre personal |
Mihura, Miguel, |
| Fechas asociadas con el nombre |
1905-1977. |
| 245 10 - MENCIÓN DE TITULO |
| Título |
Maribel y la extraña familia / |
| Medio (Designación general de material) |
|
| Mención de responsabilidad |
Miguel Mihura ; introducción, Emilio de Miguel Martínez. |
| 250 ## - MENCIÓN DE EDICION |
| Mención de edición |
11ª ed. |
| 260 ## - PUBLICACIÓN, DISTRIBUCIÓN, ETC. (PIE DE IMPRENTA) |
| Lugar de publicación, distribución, etc |
Madrid : |
| Nombre del editor, distribuidor, etc. |
Espasa Calpe, |
| Fecha de publicación, distribución, etc |
1990. |
| 300 ## - DESCRIPCIÓN FÍSICA |
| Extensión |
173 p. : |
| Dimensiones |
18 cm |
| 490 1# - MENCIÓN DE SERIES |
| Mención de serie |
Austral |
| Volume/sequential designation |
123 |
| 700 1# - ASIENTO SECUNDARIO -- NOMBRE PERSONAL |
| Nombre personal |
Miguel Martínez, Emilio de |
| 830 #0 - ASIENTO SECUNDARIO DE SERIE--TÍTULO UNIFORME |
| Título uniforme |
Austral |
| Volume number/sequential designation |
123 |
| 942 ## - ADDED ENTRY ELEMENTS (KOHA) |
| Source of classification or shelving scheme |
Dewey Decimal Classification |
| Koha item type |
Libros |
| 945 ## - INFORMACIÓN DE PROCESAMIENTO LOCAL |
| Información de procesamiento local |
Inventariado, 2018 /LP |
| 956 ## - LOCAL ELECTRONIC LOCATION AND ACCESS (OCLC) |
| Nombre de host |
VMATEO |
| Método de acceso |
10 |
| Materiales especificados |
20160328 |
| Enlace |
BPMSU |
| Campo enlazado y núm. de secuencia |
0069 |